Normal view
MARC view
- Project Supervisor Lecturer Muhammad Umair Akhtar
Entry Personal Name
001 - CONTROL NUMBER
- control field: 73122
003 - CONTROL NUMBER IDENTIFIER
- control field: NUST
005 - DATE AND TIME OF LATEST TRANSACTION
- control field: 20210628204954.0
008 - FIXED-LENGTH DATA ELEMENTS
- fixed length control field: 210628|| aca||aabn | a|a d
040 ## - CATALOGING SOURCE
- Original cataloging agency: NUST
- Transcribing agency: NUST
100 ## - HEADING--PERSONAL NAME
- Personal name: Project Supervisor Lecturer Muhammad Umair Akhtar
670 ## - SOURCE DATA FOUND
- Source citation: Work cat.: (NUST): Muhammad Yasir Muhammad Hasham Khalid 73121, PR-SOF-1954-Design and Fabrication of Solar Collector for Pasteurization of Milk, 2020
